00367 a2200145 4500001000700000003000400007005001700011008004100028082001700069100001800086245005300104260002900157300001000186653002500196068434OSt20220217140438.0  a515.98bR82E1 aRubel, Lee A.1 aEntire and meromorphic functioncby Lee A. Rubel aNew YorkbSpringerc1996 a187p. aMeromorphic function